01016cam a22002655a 450000500170000000800410001701000140005802000260007203500130009803700150011104000180012608200100014410000100015424500990016426000370026327000770030030000370037750000510041465000480046565000250051370000290053894200240056799900170059195201420060820081020032651.0081003s2008 ii ab b 001 0 eng  aENG-92632 c395.00a9788189975265 aEN-76165 bDBAD / PUB adplbEnglish  a650.1 aKevin aBoom!:cby Kevin and Jackie Freiberg b7 choices for blowing the doors off business-as-usual / aNew DelhibWestland Books c2008 aF-5, Okhla Industria Area, Phase - I, Mezzanine FloorbNew Delhie110020 axliii, 286p.:c22cm (pbk)bill.  aIncludes bibliographical references and index  aSuccess in businessxPsychological aspects. aEmployee motivation. aFreiberg, Jackie, 1963-  2ddccENmKEVh650.1 c22488d22488 00102ddc40718NFICaDBADbDBADd2009-01-27eDBAD / PUBg395.00l0o650.1 KEVpEN-76165r2009-01-27 00:00:00t1v395.00w2009-01-27yEN